Elements of x-ray crystallography / (Record no. 6687)

MARC details
000 -LEADER
fixed length control field 00536nam a22001937a 4500
003 - CONTROL NUMBER IDENTIFIER
control field OSt
005 - DATE AND TIME OF LATEST TRANSACTION
control field 20200302132624.0
008 - FIXED-LENGTH DATA ELEMENTS--GENERAL INFORMATION
fixed length control field 200302b ||||| |||| 00| 0 eng d
020 ## - INTERNATIONAL STANDARD BOOK NUMBER
International Standard Book Number 1878907115
040 ## - CATALOGING SOURCE
Transcribing agency 040
082 ## - DEWEY DECIMAL CLASSIFICATION NUMBER
Classification number 548
Item number AZA 1968
100 ## - MAIN ENTRY--PERSONAL NAME
Personal name Azaroff, Leonid V.
9 (RLIN) 13752
245 ## - TITLE STATEMENT
Title Elements of x-ray crystallography /
Statement of responsibility, etc. Leonid V. Azaroff
260 ## - PUBLICATION, DISTRIBUTION, ETC. (IMPRINT)
Place of publication, distribution, etc. Fairfax
Name of publisher, distributor, etc. Techbooks
Date of publication, distribution, etc. 1968
300 ## - PHYSICAL DESCRIPTION
Extent xv, 610p;
Other physical details ill :
Dimensions 23 cm.
505 ## - FORMATTED CONTENTS NOTE
Formatted contents note Includes bibliographical references and index
650 ## - SUBJECT ADDED ENTRY--TOPICAL TERM
Source of heading or term X-ray
942 ## - ADDED ENTRY ELEMENTS (KOHA)
Source of classification or shelving scheme Dewey Decimal Classification
Koha item type Open Shelf
Holdings
Withdrawn status Lost status Source of classification or shelving scheme Damaged status Not for loan Home library Current library Date acquired Source of acquisition Inventory number Total Checkouts Full call number Barcode Date last seen Price effective from Koha item type
    Dewey Decimal Classification     MUST Main Library MUST Main Library 02/03/2020 Donation 2000/14217   548 AZA 1968 2020-0613 02/03/2020 02/03/2020 Open Shelf